000 00740nam a2200265Ia 4500
005 20260121165629.0
008 008 260114s9999 xx 000 0 eng d
020 _a9783319291161
037 _aEBOOK
040 _aCRL
040 _beng
040 _cCRL
041 _2eng
041 _aeng
084 _qCRL
100 _aDaniel Alpay, Fabio Cipriani, Fabrizio Colombo, Daniele Guido, Irene Sabadini, Jean-Luc Sauvageot
_91054097
245 0 _aNoncommutative Analysis, Operator Theory and Applications
260 _bSpringer
260 _bSpringer
260 _c2016
856 _uhttps://link.springer.com/openurl?genre=book&isbn=978-3-319-29116-1
942 _cEBOOK
999 _c1619823
_d1619823